Football Clubs That Cristiano Ronaldo and Lionel Messi Played For - Statistics

General Stats
  • This quiz has been taken 128 times
  • The average score is 7 of 8
Answer Stats
Hint Football Clubs % Correct
Ronaldo’s third club Real Madrid
99%
Ronaldo’s second club Manchester United
98%
Messi’s first club Barcelona
96%
Ronaldo’s fourth club Juventus
95%
Messi’s second club PSG
93%
Ronaldo’s fifth club Al Nassr
86%
Messi’s third club Inter Miami
86%
Ronaldo’s first club Sporting Lisbon
83%
No matching quizzes found
Score Distribution
Percent of People with Each Score
Percentile by Number Answered
Your Score History
You have not taken this quiz